000 01079nam a2200277Ia 4500
003 OSt
005 20221005105332.0
006 a|||||r|||| 00| 0
007 ta
008 221004b |||||||| |||| 00| 0 hin d
020 _a9789381863350 (hbk)
_c250
024 _a17443
037 _bBR8455, 23/03/2015, Rajkamal Prakashan Pvt. Ltd.
_cTextual
040 _aCRL
_cCRL
_bhin
041 _2hin
_ahin
082 _aD58, 152Q5
100 _aमुले, गुणाकर
245 0 _aराकेट की कहानी
246 _aRākeṭ kī kahānī
260 _aनई दिल्ली
_bज्ञान विज्ञान प्रकाशन भारत
_c2015
300 _a107पृ0
_ccm.
650 _aकम्प्यूटर
700 _a मुले, शांति गुणाकर, संपा.
942 _hD58, 152Q5
_cTEXL
_2cc
999 _c1015508
_d1015508